000 00854nam a2200265Ia 4500
003 OSt
005 20220923211114.0
006 a|||||r|||| 00| 0
007 ta
008 220922b |||||||| |||| 00| 0 hin d
020 _a8181432541 (hbk)
_c100
024 _a233,564
037 _b482, 27/03/2008, Vani Prakashan
_cTextual
040 _aARTS
_cARTS
_bhin
041 _2hin
_ahin
082 _aO152,2N23x, P4
100 _aहबीब तनवीर
245 0 _aपचरंगी
246 _aPacharangī
260 _aनयी दिल्ली
_b वाणी प्रकाशन
_c2004
300 _a80पृ.
_ccm.
650 _aहिन्दी साहित्य
_9156264
942 _hO152,2N23x, P4
_cTEXL
_2CC
999 _c295308
_d295308